000
00193 a2200097 4500
020
_a
9780938317531
041
_a
eng
100
_a
Dominguez domilita
245
_a
Questions & swords
942
_c
BK
999
_c
9670
_d
9670